Curtis Biología
Сохранить в:
| Главный автор: | |
|---|---|
| Другие авторы: | , , |
| Формат: | |
| Язык: | испанский |
| Опубликовано: |
Buenos Aires
Médica-Panamericana
2008
|
| Редактирование: | Séptima edición |
| Предметы: | |
| Метки: |
Добавить метку
Нет меток, Требуется 1-ая метка записи!
|
MARC
| LEADER | 00000cam a2200000 a 4500 | ||
|---|---|---|---|
| 001 | UCH0578 | ||
| 003 | CL-VaPUC | ||
| 005 | 20231110152931.0 | ||
| 008 | 090320e20080000AG |||||||||||||||||spa|d | ||
| 999 | |c 332861 |d 332859 | ||
| 020 | |a 97895006033348 | ||
| 040 | |c Pontificia Universidad Católica de Valparaíso | ||
| 082 | 0 | 4 | |a 570 CUR 2008 |2 21 |
| 100 | 0 | |a Curtis, Helena |9 534802 | |
| 245 | 1 | 0 | |a Curtis Biología |
| 250 | |a Séptima edición | ||
| 260 | |a Buenos Aires |b Médica-Panamericana |c 2008 | ||
| 300 | |a 1009 páginas | ||
| 583 | |a last modification |c 20130311 01:58:18 |k Rodrigo Vera | ||
| 650 | 0 | |a Biología |9 262022 |x Ejercicios y problemas | |
| 650 | 0 | |a Genética |9 259443 | |
| 650 | 0 | |a Ecología |9 258124 | |
| 650 | 0 | |a Botánica |9 264202 | |
| 650 | 0 | |a Zoología |9 261613 | |
| 700 | 0 | |a Barnes, N. Sue |9 534803 | |
| 700 | 0 | |a Schnek, Adriana |9 534804 | |
| 700 | 0 | |a Massarini, Alicia |9 534805 | |
| 942 | |c BK |2 ddc | ||
| 945 | |d 20090320 00:00:00 |a rbrito | ||
| 952 | |0 0 |1 0 |2 ddc |4 0 |6 570_000000000000000_CUR_2008 |7 0 |8 R |9 420891 |a BIBEDU |b BIBEDU |c MCIRC |d 2019-11-22 |i 4523393 |l 4 |o 570 CUR 2008 |p 4523393 |r 2023-12-12 |s 2023-08-14 |t 9 |w 2019-11-22 |y BK_R |k EBA | ||
| 952 | |0 0 |1 0 |2 ddc |4 0 |6 570_000000000000000_CUR_2008 |7 0 |8 A |9 420892 |a BIBCUR |b BIBCUR |d 2019-11-22 |i 4955374 |o 570 CUR 2008 |p 4955374 |r 2025-04-22 |t 1 |w 2019-11-22 |y BK |k BIO | ||
| 952 | |0 0 |1 0 |2 ddc |4 0 |6 570_000000000000000_CUR_2008 |7 0 |8 A |9 420893 |a BIBCUR |b BIBCUR |d 2019-11-22 |i 4955382 |l 2 |o 570 CUR 2008 |p 4955382 |r 2025-04-22 |s 2024-09-10 |t 2 |w 2019-11-22 |y BK |k BIO | ||
| 952 | |0 0 |1 0 |2 ddc |4 0 |6 570_000000000000000_CUR_2008 |7 0 |8 A |9 420894 |a BIBCUR |b BIBCUR |d 2019-11-22 |i 4955390 |l 2 |o 570 CUR 2008 |p 4955390 |r 2025-04-22 |s 2024-09-10 |t 3 |w 2019-11-22 |y BK |k BIO | ||
| 952 | |0 0 |1 0 |2 ddc |4 0 |6 570_000000000000000_CUR_2008 |7 0 |8 A |9 420895 |a BIBCUR |b BIBCUR |d 2019-11-22 |i 4955404 |l 3 |m 1 |o 570 CUR 2008 |p 4955404 |r 2025-04-22 |s 2024-09-11 |t 4 |w 2019-11-22 |y BK |k BIO | ||
| 952 | |0 0 |1 0 |2 ddc |4 0 |6 570_000000000000000_CUR_2008 |7 0 |8 A |9 420896 |a BIBCUR |b BIBCUR |d 2019-11-22 |i 4955412 |l 1 |o 570 CUR 2008 |p 4955412 |r 2025-04-22 |s 2024-04-18 |t 5 |w 2019-11-22 |y BK |k BIO | ||
| 952 | |0 0 |1 0 |2 ddc |4 0 |6 570_000000000000000_CUR_2008 |7 0 |8 A |9 420897 |a BIBCUR |b BIBCUR |d 2019-11-22 |i 4955420 |l 4 |m 2 |o 570 CUR 2008 |p 4955420 |r 2025-04-22 |s 2025-03-20 |t 6 |w 2019-11-22 |y BK |k BIO | ||
| 952 | |0 0 |1 0 |2 ddc |4 0 |6 570_000000000000000_CUR_2008 |7 0 |8 A |9 420898 |a BIBCUR |b BIBCUR |d 2019-11-22 |i 4955439 |l 3 |m 3 |o 570 CUR 2008 |p 4955439 |r 2025-04-22 |s 2024-09-10 |t 7 |w 2019-11-22 |y BK |k BIO | ||